| 000 | 00609nam a2200193Ia 4500 | ||
|---|---|---|---|
| 005 | 20260601193220.0 | ||
| 008 | 260601s9999||||xx |||||||||||||| ||und|| | ||
| 020 |
_a978-981-99-4362-3 _qebk |
||
| 100 | _aJatindra Kumar Deka | ||
| 245 | 0 | _aEmerging Technology for Sustainable Development | |
| 250 | _a2024 | ||
| 260 |
_aHeidelberg, Germany _bSpringer Nature _c2024 |
||
| 440 | _aLecture Notes in Electrical Engineering | ||
| 650 | _aComputer Science | ||
| 700 | _aBobby Sharma | ||
| 700 | _aP. S. Robi | ||
| 856 | _uhttps://link.springer.com/openurl?genre=book&isbn=978-981-99-4362-3 | ||
| 942 |
_cEB _2ddc |
||
| 999 |
_c55767 _d55767 |
||